000 00216 a2200097 4500
001 11075
100 _aBurke, S. M.
245 _aPakistan's foreign policy
260 _a
_bOxford Yniversity
_c
090 _c8636
_d8636
942 _aNUST-CAE
_cM
_c35418
999 _c246148
_d246148